000 01086nam a2200301 i 4500
003 EG-GICUC
005 20260121101536.0
008 251224s1980 ua ||||fr|||| 00| 0 ara d
040 _a EG-GICUC
_bara
_c EG-GICUC
_d EG-GICUC
_erda
041 _aara
082 0 4 _221
_a345.3
_bث ر . ق
092 0 4 _221
099 _alaw1 07 345.3 ث ر . ق 1980
100 0 _aثروت بدوي
_eمؤلف.
245 1 2 _aالقانون الأداري.
_nالمجلد الثاني،
_pالنشاط الاداري /
_cثروت بدوي.
264 1 _aالقاهرة :
_bدار النهضة العربية،
_c1980.
300 _a79 ؛ صفحة
_c24 سم.
336 _2rda content
_atext
337 _2rda media
_aComputer
338 _2rda carrier
_aOnline Resource
504 _aيشتمل علي ارجاعات ببليوجرافية
546 _aالنص باللغة العربية
650 1 4 _aالنشاط الإداري
_xالقانون الإداري
651 1 _2qrmak
856 4 0 _uhttps://fll.law.cu.edu.eg/fulltext/bks/B07-00928.pdf
905 _a75
942 _2ddc
_n0
_cBK
_e21
999 _c52438
_d52438